[Event "Championnat de France Pupille"]
[Site "CALVI"]
[Date "????.??.??"]
[Round "3.3"]
[White "Mouhamad, Joachin"]
[Black "Ider, Borya"]
[Result "0-1"]
[WhiteElo "1750"]
[BlackElo "1939"]
[PlyCount "86"]
[EventDate "2005.??.??"]
[SourceDate "2005.04.17"]

1. e4 c6 2. d4 d5 3. exd5 cxd5 4. c4 Nf6 5. Nc3 g6 6. Bg5 dxc4 7. Bxc4 Bg7 8.
Nge2 O-O 9. O-O Qa5 10. Bd2 Qd8 11. Rc1 a6 12. Re1 b5 13. Bb3 Bb7 14. Bf4 Nbd7
15. Ng3 Nb6 16. Nce2 Nc4 17. Bxc4 bxc4 18. Nc3 e6 19. Be5 Nd5 20. Bxg7 Kxg7 21.
Nxd5 Qxd5 22. f3 Rfd8 23. Ne2 e5 24. dxe5 Qc5+ 25. Nd4 Rxd4 26. Qe2 Rd2+ 27.
Qe3 Qxe3+ 28. Rxe3 Rxb2 29. Rxc4 Rc8 30. Rxc8 Bxc8 31. a3 Be6 32. h3 Kh6 33.
Kh2 Rb3 34. Rxb3 Bxb3 35. Kg3 Kg5 36. f4+ Kf5 37. h4 h5 38. Kf3 Bd5+ 39. Kg3
Bxg2 40. Kxg2 Kxf4 41. Kf2 Kxe5 42. Ke3 f6 43. a4 g5 0-1

[Event "Championnat de France Pupille"]
[Site "CALVI"]
[Date "????.??.??"]
[Round "3.4"]
[White "Naquin, Camille"]
[Black "Gattullo, Elia"]
[Result "1/2-1/2"]
[WhiteElo "1740"]
[BlackElo "1810"]
[PlyCount "39"]
[EventDate "2005.??.??"]
[SourceDate "2005.04.17"]

1. d4 f5 2. Nf3 g6 3. c4 d6 4. Nc3 Nf6 5. Bf4 Bg7 6. e3 O-O 7. Be2 Qe8 8. O-O
Nbd7 9. Nb5 Qd8 10. Rc1 c6 11. Nc3 Qe8 12. h3 e5 13. dxe5 dxe5 14. Bh2 Qe7 15.
Rc2 b6 16. Rd2 Bb7 17. Qc2 Rad8 18. Rfd1 Rde8 19. e4 f4 20. Rd6 1/2-1/2

[Event "Championnat de France Pupille"]
[Site "CALVI"]
[Date "????.??.??"]
[Round "3.5"]
[White "Lagarde, Maxime"]
[Black "Viers, Emmanuel"]
[Result "1-0"]
[WhiteElo "1780"]
[BlackElo "1710"]
[PlyCount "93"]
[EventDate "2005.??.??"]
[SourceDate "2005.04.17"]

1. e4 c5 2. Nf3 Nc6 3. Bb5 g6 4. O-O Bg7 5. Re1 e6 6. Na3 Nge7 7. e5 O-O 8. Bf1
a6 9. c3 Qc7 10. d4 cxd4 11. cxd4 Nf5 12. Be3 Rd8 13. Bg5 Re8 14. Rc1 d6 15.
Bf6 dxe5 16. Bxg7 Kxg7 17. Nxe5 Rd8 18. Nf3 Nfxd4 19. Nxd4 Rxd4 20. Qxd4+ Nxd4
21. Rxc7 Nc6 22. Nc4 Kf6 23. Nb6 Rb8 24. Rxc8 Rxc8 25. Nxc8 Nb4 26. a3 Nd5 27.
Bc4 Nc7 28. b4 Kg7 29. a4 Kf8 30. b5 axb5 31. axb5 Ke8 32. Nd6+ Ke7 33. Nxb7
Kd7 34. b6 Ne8 35. Bb5+ Ke7 36. Bxe8 Kxe8 37. Na5 Kd7 38. Rc1 Ke7 39. b7 Kf6
40. b8=Q Kg7 41. g4 h6 42. f4 g5 43. fxg5 hxg5 44. Nc6 Kh7 45. Qd8 Kg7 46.
Qxg5+ Kh7 47. Rc3 1-0

[Event "Championnat de France Pupille"]
[Site "CALVI"]
[Date "????.??.??"]
[Round "3.6"]
[White "Netzer, Jacques"]
[Black "Giraud, Aymeric"]
[Result "1/2-1/2"]
[WhiteElo "1990"]
[BlackElo "1710"]
[PlyCount "34"]
[EventDate "2005.??.??"]
[SourceDate "2005.04.17"]

1. e4 e5 2. Nf3 Nf6 3. Nxe5 d6 4. Nf3 Nxe4 5. d4 d5 6. Bd3 Bf5 7. O-O Bd6 8.
Re1 O-O 9. Nbd2 Re8 10. Nf1 Nc6 11. Ne3 Bg6 12. c3 Bh5 13. Be2 Bxf3 14. Bxf3
Bxh2+ 15. Kxh2 Qh4+ 16. Kg1 Qxf2+ 17. Kh2 Qg3+ 1/2-1/2

[Event "Championnat de France Pupille"]
[Site "CALVI"]
[Date "????.??.??"]
[Round "3.7"]
[White "Nockels, Thomas"]
[Black "Manoeuvre, Antoine"]
[Result "0-1"]
[WhiteElo "1770"]
[BlackElo "1970"]
[PlyCount "84"]
[EventDate "2005.??.??"]
[SourceDate "2005.04.17"]

1. e4 e6 2. d4 d5 3. e5 c5 4. Nf3 Nc6 5. Be3 Qb6 6. b3 a6 7. Be2 cxd4 8. Bxd4
Nxd4 9. Nxd4 Bc5 10. c3 f6 11. exf6 Nxf6 12. O-O O-O 13. b4 Bd6 14. a3 e5 15.
Nc2 Qc7 16. h3 Be6 17. Ne3 Rad8 18. Qb3 Qf7 19. Nd2 b5 20. Qb2 Qg6 21. Kh1 Ne4
22. Nxe4 Qxe4 23. Kg1 d4 24. cxd4 exd4 25. Ng4 d3 26. Bd1 Kh8 27. Qd2 Bf4 28.
Qe1 Qd4 29. Bf3 Bc4 30. Qe4 d2 31. Qxd4 Rxd4 32. Rfd1 Rfd8 33. g3 Bc7 34. Ne3
g6 35. Kg2 Be5 36. Rab1 Rd3 37. Be2 Rxe3 38. Bxc4 bxc4 39. fxe3 c3 40. Rbc1
dxc1=Q 41. Rxd8+ Kg7 42. Rd7+ Kf6 0-1

[Event "Championnat de France Pupille"]
[Site "CALVI"]
[Date "????.??.??"]
[Round "3.8"]
[White "Kirk, Eden"]
[Black "Fevre, Mathieu"]
[Result "0-1"]
[WhiteElo "1690"]
[BlackElo "1951"]
[PlyCount "48"]
[EventDate "2005.??.??"]
[SourceDate "2005.04.17"]

1. d4 Nf6 2. Bg5 g6 3. Bxf6 exf6 4. e4 Bg7 5. Nf3 O-O 6. Nbd2 Re8 7. Be2 d6 8.
O-O f5 9. Bd3 fxe4 10. Bxe4 Nc6 11. c3 Ne7 12. Qb3 Rb8 13. Rfe1 c6 14. d5 c5
15. Qa4 a6 16. Qc2 b5 17. Rac1 Bb7 18. c4 $11 bxc4 19. Nxc4 f5 20. Bd3 Bxd5 21.
Nfd2 Ba8 22. b3 Qd7 23. Nb2 Nc6 24. Bxa6 Nb4 0-1

[Event "Championnat de France Pupille"]
[Site "CALVI"]
[Date "????.??.??"]
[Round "3.10"]
[White "Peyre, Thomas"]
[Black "Botto, Julien"]
[Result "1/2-1/2"]
[WhiteElo "1730"]
[BlackElo "1900"]
[PlyCount "60"]
[EventDate "2005.??.??"]
[SourceDate "2005.04.17"]

1. e4 c5 2. Nf3 Nc6 3. d4 cxd4 4. Nxd4 Nf6 5. Nc3 e5 6. Ndb5 d6 7. Bg5 a6 8.
Na3 b5 9. Bxf6 gxf6 10. Nd5 Bg7 11. Qh5 Ne7 12. Nxe7 Qxe7 13. Bd3 Bb7 14. c3
Rd8 15. O-O O-O 16. Rad1 Qe6 17. Bb1 h6 18. f3 d5 19. Rfe1 dxe4 20. fxe4 Rd7
21. Rxd7 Qxd7 22. Rd1 Qe7 23. Qe2 Rd8 24. Rxd8+ Qxd8 25. Qd3 Qxd3 26. Bxd3 Bf8
27. Nc2 Bc5+ 28. Kf1 Kf8 29. Ke2 Ke7 30. g4 Bg1 1/2-1/2

[Event "Championnat de France Pupillette"]
[Site "CALVI"]
[Date "????.??.??"]
[Round "3.1"]
[White "Armas, Lena"]
[Black "Kohi, Camilla"]
[Result "0-1"]
[WhiteElo "1500"]
[BlackElo "1881"]
[PlyCount "54"]
[EventDate "2005.??.??"]
[SourceDate "2005.04.17"]

1. e4 e6 2. Nc3 d5 3. d4 Bb4 4. f3 c5 5. Bb5+ Bd7 6. Bxd7+ Nxd7 7. Nge2 Ne7 8.
O-O h6 9. a3 cxd4 10. axb4 dxc3 11. bxc3 O-O 12. Ng3 dxe4 13. Nxe4 Nd5 14. Bd2
Ne5 15. Qe2 Qc7 16. Qe1 Rfc8 17. f4 Ng6 18. f5 exf5 19. Rxf5 Nge7 20. Rf3 Ng6
21. Rb1 Ne5 22. Rg3 Kh8 23. Rh3 Nc4 24. Qg3 Qxg3 25. Rxg3 Nxd2 26. Nxd2 Nxc3
27. Rf1 Ne2+ 0-1

[Event "Championnat de France Pupillette"]
[Site "CALVI"]
[Date "????.??.??"]
[Round "3.2"]
[White "Lefevre, Margaux"]
[Black "Copin, Oceane"]
[Result "1-0"]
[WhiteElo "1780"]
[BlackElo "1490"]
[PlyCount "93"]
[EventDate "2005.??.??"]
[SourceDate "2005.04.17"]

1. e4 e5 2. Nf3 Nc6 3. Bc4 Bc5 4. Qe2 Nf6 5. Ng5 O-O 6. Bxf7+ Kh8 7. Bb3 d5 8.
Nc3 Bxf2+ {Diagramme #} 9. Qxf2 Nxe4 10. Nf7+ Kg8 11. Nxd8 Nxf2 12. Bxd5+ Kh8
13. Nf7+ Rxf7 14. Bxf7 Nxh1 15. Bd5 Nd4 16. Be4 c6 17. Ne2 Bf5 18. Bxf5 Nxf5
19. Kf1 Rf8 20. Kg1 Nd4 21. Nxd4 exd4 22. b3 Nf2 23. Ba3 Rf6 24. Re1 h6 25. h3
b6 26. Be7 Rf4 27. Bd6 Rf6 28. Bg3 Nxh3+ 29. gxh3 Rg6 30. Kh2 Rg5 31. Re5 Rxe5
32. Bxe5 c5 33. Bb8 a5 34. Ba7 b5 35. Bxc5 g5 36. Bxd4+ Kh7 37. a4 bxa4 38.
bxa4 Kg6 39. Bb6 Kh5 40. Kg3 Kg6 41. c4 Kf6 42. c5 Ke6 43. Bxa5 Kd5 44. Bb6 Kc6
45. a5 Kb5 46. d4 Kc6 47. a6 1-0

[Event "Championnat de France Pupillette"]
[Site "CALVI"]
[Date "????.??.??"]
[Round "3.3"]
[White "Le Bail, Arielle"]
[Black "Wehr, Margaux"]
[Result "0-1"]
[WhiteElo "1650"]
[BlackElo "1390"]
[PlyCount "60"]
[EventDate "2005.??.??"]
[SourceDate "2005.04.17"]

1. d4 Nf6 2. Bg5 Ne4 3. Bf4 c5 4. Nf3 Qa5+ 5. Nbd2 Nxd2 6. Qxd2 Qxd2+ 7. Bxd2
e6 8. O-O-O Nc6 9. Bc3 f6 10. e3 d5 11. dxc5 Bxc5 12. Bb5 O-O 13. h4 a6 14. Bd3
e5 15. Be2 Be6 16. g4 b5 17. g5 b4 18. Be1 Rad8 19. gxf6 Rxf6 20. Bxa6 Bg4 21.
Nd2 Bxd1 22. Kxd1 d4 23. Bc4+ Kh8 24. Ne4 dxe3+ 25. Bd3 exf2 26. Nxf6 fxe1=Q+
27. Kxe1 gxf6 28. Rf1 Rf8 29. Rf3 Nd4 30. Rg3 Rg8 0-1

[Event "Championnat de France Pupillette"]
[Site "CALVI"]
[Date "????.??.??"]
[Round "3.4"]
[White "Bellotti, Charlotte"]
[Black "Goubert, Caroline"]
[Result "1-0"]
[WhiteElo "1580"]
[BlackElo "1370"]
[PlyCount "149"]
[EventDate "2005.??.??"]
[SourceDate "2005.04.17"]

1. e4 e5 2. Nf3 Nc6 3. Bc4 Bc5 4. Nc3 Nf6 5. d3 h6 6. Be3 Bb6 7. O-O O-O 8. h3
d6 9. Nh2 Be6 10. Bb3 d5 11. exd5 Bxd5 12. Nxd5 Nxd5 13. Bd2 Nf4 14. Qg4 Qf6
15. Kh1 Rfe8 16. Be3 Rad8 17. Rad1 Ne6 18. Nf3 Rd6 19. Rfe1 Red8 20. Nh4 Ne7
21. Bxe6 Rxe6 22. Nf3 c5 23. Qg3 Nf5 24. Qh2 Rdd6 25. Bd2 Re8 26. Rxe5 Rf8 27.
Bf4 Rd7 28. Rde1 Rdd8 29. Bd2 Bc7 30. Rxf5 Qxf5 31. Qxc7 Qd5 32. Re5 Qxa2 33.
Qxb7 Qb1+ 34. Kh2 Qxc2 35. Qxa7 Qxb2 36. Rxc5 Rxd3 37. Be3 Rd1 38. Qc7 Qb1 39.
Rc1 Rxc1 40. Bxc1 Qe4 41. Qg3 Qe6 42. Be3 Kh8 43. Bd4 Rg8 44. Nh4 Qd7 45. Be3
Qe6 46. Qf3 Qd6+ 47. Kg1 Rc8 48. Qxf7 Ra8 49. Qf4 Ra1+ 50. Kh2 Qxf4+ 51. Bxf4
g5 52. Be5+ Kh7 53. Bxa1 gxh4 54. Bf6 Kg6 55. Bxh4 h5 56. g3 Kh6 57. f4 Kg6 58.
g4 hxg4 59. hxg4 Kh6 60. f5 Kg7 61. f6+ Kf7 62. g5 Kg6 63. Kg3 Kf7 64. Kf4 Kg6
65. Ke5 Kf7 66. Kf5 Kg8 67. Kg6 Kh8 68. Kf7 Kh7 69. g6+ Kh6 70. g7 Kh5 71. g8=Q
Kxh4 72. Ke7 Kh3 73. f7 Kh4 74. f8=Q Kh3 75. Qh6# 1-0

[Event "Championnat de France Pupillette"]
[Site "CALVI"]
[Date "????.??.??"]
[Round "3.5"]
[White "Miralles, Dina"]
[Black "Lenoel, Marine"]
[Result "0-1"]
[WhiteElo "1450"]
[BlackElo "1580"]
[PlyCount "48"]
[EventDate "2005.??.??"]
[SourceDate "2005.04.17"]

1. d4 e5 2. dxe5 Nc6 3. Nf3 Qe7 4. g3 Nxe5 5. Bg2 Nf6 6. Bf4 Nxf3+ 7. Bxf3 d6
8. Bg2 c6 9. O-O Be6 10. Re1 Qd7 11. Nc3 Be7 12. Qd2 Bh3 13. Rad1 Rd8 14. Qe3
O-O 15. Qxa7 Nh5 16. Qd4 Qg4 17. Be3 Qd7 18. Qe4 d5 19. Qe5 Nf6 20. Bxh3 Qxh3
21. Qxe7 Rfe8 22. Qb4 Ng4 23. f3 Qxh2+ 24. Kf1 Nxe3# 0-1

[Event "Championnat de France Pupillette"]
[Site "CALVI"]
[Date "????.??.??"]
[Round "3.6"]
[White "Benac, Anais"]
[Black "Monasri, Sara"]
[Result "0-1"]
[WhiteElo "1430"]
[BlackElo "1520"]
[PlyCount "38"]
[EventDate "2005.??.??"]
[SourceDate "2005.04.17"]

1. e4 c5 2. Nf3 d6 3. d4 cxd4 4. Nxd4 Nf6 5. Nc3 e6 6. Bg5 Be7 7. Ndb5 O-O 8.
Bxf6 Bxf6 9. Nxd6 Qa5 10. Qf3 Rd8 11. O-O-O Bxc3 12. bxc3 Qa3+ 13. Kb1 Rxd6 14.
Bc4 Rb6+ 15. Bb3 Nc6 16. Rhe1 a5 17. Qe3 Raa6 18. Rd3 a4 19. Red1 h6 0-1

[Event "Championnat de France Pupillette"]
[Site "CALVI"]
[Date "????.??.??"]
[Round "3.7"]
[White "Llacer, Cassandra"]
[Black "Mencacci, Tiphanie"]
[Result "1/2-1/2"]
[WhiteElo "1250"]
[BlackElo "1610"]
[PlyCount "82"]
[EventDate "2005.??.??"]
[SourceDate "2005.04.17"]

1. e4 e5 2. Nf3 Nf6 3. Nc3 Nc6 4. Bc4 Nxe4 5. Nxe4 d5 6. Bd3 dxe4 7. Bxe4 Bd6
8. O-O O-O 9. d3 Bg4 10. Qe2 Nd4 11. Qd1 Nxf3+ 12. Bxf3 Be6 13. Bxb7 Rb8 14.
Be4 Qh4 15. Qf3 f5 16. Bd5 Rbe8 17. Bxe6+ Rxe6 18. Qd5 Rfe8 19. c4 e4 20. g3
Qh5 21. dxe4 Kh8 22. f3 Re5 23. Qd1 Rd8 24. Bd2 Qh3 25. Qe2 fxe4 26. fxe4 Rh5
27. Rf2 Bxg3 28. Rg2 Be5 29. Rf1 h6 30. Rf3 Qh4 31. h3 Rd6 32. Rgf2 Bd4 33. Be3
Rg6+ 34. Rg2 Rxg2+ 35. Kxg2 Qxe4 36. Kf2 Qh4+ 37. Kf1 Bf6 38. Qd3 Re5 39. Bf2
Qg5 40. Be3 Qh4 41. Bf2 Qg5 1/2-1/2

[Event "Championnat de France Pupillette"]
[Site "CALVI"]
[Date "????.??.??"]
[Round "3.8"]
[White "Pinault, Mailys"]
[Black "Neuhauser, Salome"]
[Result "0-1"]
[WhiteElo "1370"]
[BlackElo "1660"]
[PlyCount "70"]
[EventDate "2005.??.??"]
[SourceDate "2005.04.17"]

1. e4 c5 2. Nc3 Nc6 3. g3 g6 4. Bg2 Bg7 5. d3 e6 6. Be3 Nge7 7. Bxc5 d6 8. Be3
Nd4 9. Nf3 Nec6 10. O-O O-O 11. Nxd4 Nxd4 12. f4 Rb8 13. Kh1 b6 14. g4 f5 15.
g5 Bb7 16. Rb1 Qd7 17. Ne2 e5 18. Nxd4 exd4 19. Bd2 Qe6 20. exf5 Bxg2+ 21. Kxg2
Rxf5 22. a3 Rc8 23. Rc1 Qa2 24. Bb4 a5 25. Bxd6 Qd5+ 26. Qf3 Qxd6 27. Qb7 Rcf8
28. Qe4 Qd5 29. Qxd5+ Rxd5 30. Rce1 Rdf5 31. Kg3 Be5 32. Kg2 Bxf4 33. Re6 Rxg5+
34. Kf3 Be3+ 35. Ke2 Rg2+ 0-1

[Event "Championnat de France Pupillette"]
[Site "CALVI"]
[Date "????.??.??"]
[Round "3.9"]
[White "Uhl, Sarah"]
[Black "Khan, Mai-Ly"]
[Result "1-0"]
[WhiteElo "1360"]
[BlackElo "1610"]
[PlyCount "135"]
[EventDate "2005.??.??"]
[SourceDate "2005.04.17"]

1. c4 d5 2. cxd5 Qxd5 3. Nc3 Qa5 4. g3 Nc6 5. Nf3 Nf6 6. Bg2 Bg4 7. O-O e6 8.
e3 Bd6 9. d4 O-O 10. Bd2 Qf5 11. a3 Ne7 12. Re1 e5 13. dxe5 Bxe5 14. Rc1 c6 15.
Rc2 Rad8 16. e4 Qd7 17. Nxe5 Bxd1 18. Nxd7 Bxc2 19. Nxf6+ gxf6 20. Bh6 Rfe8 21.
e5 fxe5 22. Rxe5 Ng6 23. Rxe8+ Rxe8 24. Be3 Ne5 25. Bf1 Ng4 26. Bxa7 Re6 27.
Bh3 Re1+ 28. Kg2 Ne5 29. Bc8 b5 30. Be3 Nc4 31. Bd7 Nxe3+ 32. fxe3 Rxe3 33.
Bxc6 Bd3 34. Kf2 Re6 35. Bxb5 Bxb5 36. Nxb5 Rb6 37. a4 Kf8 38. Ke3 Ke7 39. Kd4
Rf6 40. Kc5 Kd7 41. b4 Rg6 42. Nc3 Rc6+ 43. Kd4 Kc7 44. b5 Rg6 45. a5 Kb7 46.
Kc5 Rh6 47. h4 Rg6 48. Ne4 f5 49. Nd6+ Ka7 $11 50. Nxf5 Rg8 51. Nd6 Rxg3 52.
b6+ Kb8 53. a6 Rc3+ 54. Kb5 Rb3+ 55. Kc6 h5 56. Nb5 Rxb5 57. Kxb5 Kc8 58. Kc6
Kd8 59. b7 Ke7 60. b8=Q Ke6 61. Qb5 Ke7 62. a7 Ke6 63. a8=R Ke7 64. Kd5 Kf6 65.
Ke4 Ke6 66. Ra6+ Ke7 67. Qb7+ Kd8 68. Ra8# 1-0

[Event "Championnat de France Pupillette"]
[Site "CALVI"]
[Date "????.??.??"]
[Round "3.10"]
[White "Saucey, Capucine"]
[Black "Abidi, Ines"]
[Result "1-0"]
[WhiteElo "1560"]
[BlackElo "1330"]
[PlyCount "140"]
[EventDate "2005.??.??"]
[SourceDate "2005.04.17"]

1. e4 e6 2. d4 d5 3. Nd2 Nf6 4. e5 Nfd7 5. Ngf3 Nc6 6. c3 f6 7. exf6 Nxf6 8.
Bd3 Be7 9. O-O O-O 10. Re1 b6 11. Ng5 Qd6 12. Qc2 h6 13. Ngf3 Bd7 14. Ne5 Be8
15. Ndf3 Nd7 16. g3 Bf6 17. Bf4 Bxe5 18. Bxe5 Ndxe5 19. Nxe5 Nxe5 20. Rxe5 c5
21. Rae1 Bf7 22. Bg6 Rae8 23. Bxf7+ Rxf7 24. Qa4 Rfe7 25. f4 Kf7 26. Qc2 cxd4
27. cxd4 Qc7 28. Qe2 Qc4 29. Qxc4 dxc4 30. Rc1 Rc8 31. Kf2 a6 32. b3 c3 33. Re3
Rec7 34. Ke1 b5 35. b4 Rc4 36. a3 Rxd4 37. Rexc3 Rxc3 38. Rxc3 a5 39. bxa5 Ra4
40. Rb3 Rxa5 41. Kd2 Ke7 42. Kd3 Kd6 43. Kd4 Ra4+ 44. Rb4 Rxa3 45. Rxb5 Ra1 46.
Rb7 g5 47. Ke4 Re1+ 48. Kf3 gxf4 49. Kxf4 e5+ 50. Kf5 Re2 51. Rb6+ Kd5 52. Rxh6
e4 53. Kf4 Rf2+ 54. Ke3 Rf3+ 55. Ke2 Ra3 56. g4 Ke5 57. g5 Kf5 58. h4 Ra1 59.
Rf6+ Ke5 60. Rf8 Ra2+ 61. Ke1 e3 62. g6 Ke4 63. g7 Ra1+ 64. Ke2 Ra2+ 65. Kf1
e2+ 66. Ke1 Ke3 67. Re8+ Kf3 68. g8=Q Ra1+ 69. Kd2 e1=Q+ 70. Rxe1 Rxe1 1-0

[Event "Championnat de France Pupille"]
[Site "CALVI"]
[Date "????.??.??"]
[Round "4.1"]
[White "Dionisi, Thomas"]
[Black "Lagarde, Maxime"]
[Result "1-0"]
[WhiteElo "1990"]
[BlackElo "1780"]
[PlyCount "103"]
[EventDate "2005.??.??"]
[SourceDate "2005.04.17"]

1. e4 e5 2. Nf3 Nc6 3. Bb5 a6 4. Bxc6 dxc6 5. O-O f6 6. d4 exd4 7. Nxd4 c5 8.
Ne2 Qxd1 9. Rxd1 Bd7 10. Nbc3 O-O-O 11. Be3 b6 12. f3 Ne7 13. g4 Nc6 14. Kf2
Ne5 15. b3 h5 16. g5 fxg5 17. Bxg5 Re8 18. Nd5 Kb7 19. Rg1 c6 20. Ne3 Be7 21.
Bxe7 Rxe7 22. f4 Ng4+ 23. Nxg4 hxg4 24. Ng3 Rxh2+ 25. Rg2 Rh8 26. Rd1 Rf8 27.
Ke3 c4 28. b4 c5 29. bxc5 bxc5 30. Rgd2 Bc6 31. Rd8 Rff7 32. Rh1 g5 33. f5 Kb6
34. Rh6 Kb5 35. Rb8+ Bb7 36. Re6 Rc7 37. f6 Kb4 38. Rb6+ Kc3 {Diagramme #} 39.
R8xb7 Rxb7 40. Rxb7 Rxb7 41. e5 Rf7 42. Ne4+ Kxc2 43. e6 Rh7 44. e7 Rh3+ 45.
Kf2 Rh2+ 46. Kg3 Rh3+ 47. Kg2 Ra3 48. e8=Q Rxa2 49. f7 Kb3+ 50. Kg3 c3 51. Nxc3
Kxc3 52. f8=Q 1-0

[Event "Championnat de France Pupille"]
[Site "CALVI"]
[Date "????.??.??"]
[Round "4.2"]
[White "Ider, Borya"]
[Black "Sochacki, Christophe"]
[Result "0-1"]
[WhiteElo "1939"]
[BlackElo "1960"]
[PlyCount "90"]
[EventDate "2005.??.??"]
[SourceDate "2005.04.17"]

1. d4 d5 2. Nf3 Bf5 3. e3 e6 4. c4 Nc6 5. Qb3 Qd7 6. cxd5 exd5 7. Bb5 Bd6 8.
Bd2 Nge7 9. Nc3 a6 10. Be2 Nb4 11. O-O Bc2 12. Qa3 Nd3 13. Ne5 Nxe5 14. Qa5 b6
15. Bb5 bxa5 16. Bxd7+ Nxd7 17. Rac1 Bd3 18. Rfd1 O-O 19. Be1 Bg6 20. f4 Rab8
21. b3 Be4 22. Nxe4 dxe4 23. Bxa5 Nd5 24. Kf2 Rfc8 25. Rc6 Bb4 26. Rxa6 Ra8 27.
Rxa8 Rxa8 28. Bxb4 Nxb4 29. Kg3 Nd3 30. Rd2 Ra6 31. f5 Nf6 32. h4 Nd5 33. Rc2
Kf8 34. a4 Ke7 35. Rd2 Nxe3 36. Re2 Nxf5+ 37. Kg4 Nd6 38. Rc2 f5+ 39. Kh3 c6
40. Kh2 f4 41. a5 e3 42. d5 cxd5 43. b4 Nxb4 44. Rc7+ Kf6 45. h5 e2 0-1

[Event "Championnat de France Pupille"]
[Site "CALVI"]
[Date "????.??.??"]
[Round "4.3"]
[White "Manoeuvre, Antoine"]
[Black "Piraud, Emmanuel"]
[Result "1/2-1/2"]
[WhiteElo "1970"]
[BlackElo "1800"]
[PlyCount "139"]
[EventDate "2005.??.??"]
[SourceDate "2005.04.17"]

1. d4 e6 2. c4 d5 3. Nf3 Nf6 4. Nc3 Be7 5. Bg5 Nc6 6. e3 O-O 7. Bd3 dxc4 8.
Bxc4 Re8 9. O-O Nd5 10. Bxe7 Rxe7 11. e4 Nb6 12. Bb3 Na5 13. Bc2 Rd7 14. Ne2 c5
15. Ne5 Rd6 16. Nc3 Rxd4 17. Qh5 Qe7 18. Nf3 Rd8 19. e5 h6 20. g4 Nd5 21. Nxd5
exd5 22. g5 Qe6 23. gxh6 Qxh6 24. Qxh6 gxh6 25. Kh1 d4 26. Be4 Re8 27. Rac1 c4
28. Nxd4 Rxe5 29. Bg2 Rb8 30. Rg1 Kf8 31. Rcd1 Bf5 32. f4 Rc5 33. b4 cxb3 34.
axb3 Nc6 35. Nxf5 Rxf5 36. Rd6 Rxf4 37. Rxh6 Rb4 38. Bd5 Nd8 39. Rh7 Rc8 40.
Re1 Rd4 41. Bxb7 Rc2 42. Ba6 Ne6 $11 43. Bc4 Ng5 44. Rh5 Ne4 45. Rf1 Nf2+ 46.
Kg2 Rg4+ 47. Kf3 Rg6 48. Rf5 Nh3 49. Rxf7+ Ke8 50. Re1+ Kd8 51. Rf8+ Kd7 52.
Ra1 Rc3+ 53. Ke4 Rg4+ 54. Kd5 a5 55. Rf7+ Ke8 56. Ra7 Nf4+ 57. Kc5 Nd3+ 58. Kb6
Rg6+ 59. Kxa5 Rg5+ 60. Bb5+ Kf8 61. Rd1 Rxb3 62. Rb7 Ra3+ 63. Kb6 Rg6+ 64. Bc6
Rb3+ 65. Ka7 Rxb7+ 66. Kxb7 Nc5+ 67. Kb6 Na4+ 68. Kc7 Nc5 69. Re1 Rh6 70. Re2
1/2-1/2

[Event "Championnat de France Pupille"]
[Site "CALVI"]
[Date "????.??.??"]
[Round "4.4"]
[White "Fevre, Mathieu"]
[Black "Bensaid, Alexandre"]
[Result "1-0"]
[WhiteElo "1951"]
[BlackElo "1780"]
[PlyCount "133"]
[EventDate "2005.??.??"]
[SourceDate "2005.04.17"]

1. e4 e5 2. Nf3 Nc6 3. Bc4 Be7 4. Nc3 Nf6 5. d4 exd4 6. Nxd4 d6 7. O-O O-O 8.
h3 Nxd4 9. Qxd4 Be6 10. Be3 a6 11. Rad1 b5 12. Be2 Nd7 13. f4 f5 14. Bf3 c5 15.
Qd2 Bc4 16. exf5 Bxf1 17. Bxa8 Qxa8 18. Rxf1 Rxf5 19. Re1 Bf8 20. Qd3 Rf7 21.
Nd5 Nf6 22. Nxf6+ Rxf6 23. Bd2 Rg6 24. Qe4 Qxe4 25. Rxe4 d5 26. Re5 d4 27. Kf2
Kf7 28. g4 Re6 29. Kf3 Rxe5 30. fxe5 Ke6 31. Ke4 h6 $11 32. h4 Be7 33. h5 Bd8
34. b4 cxb4 35. Bxb4 Bc7 36. Bd6 Bxd6 37. exd6 Kxd6 38. Kxd4 a5 $11 39. a3 a4
40. c4 Kc6 $11 41. cxb5+ Kxb5 42. Kd5 Kb6 43. Kc4 Kc6 44. Kb4 Kd5 45. Kxa4 Ke4
46. Kb4 Kf4 47. a4 Kxg4 48. a5 Kxh5 49. a6 g5 50. a7 g4 51. a8=Q Kg5 52. Kc4 h5
53. Qg2 h4 54. Kd4 g3 55. Qf3 Kh6 56. Qg4 g2 57. Qxh4+ Kg6 58. Qg4+ Kf6 59.
Qxg2 Kf5 60. Qe4+ Kf6 61. Qe5+ Kf7 62. Ke4 Kg6 63. Kf4 Kf7 64. Kg5 Kf8 65. Qc7
Ke8 66. Kf6 Kf8 67. Qd8# 1-0

[Event "Championnat de France Pupille"]
[Site "CALVI"]
[Date "????.??.??"]
[Round "4.5"]
[White "Yu, William"]
[Black "Naquin, Camille"]
[Result "1-0"]
[WhiteElo "1860"]
[BlackElo "1740"]
[PlyCount "115"]
[EventDate "2005.??.??"]
[SourceDate "2005.04.17"]

1. g3 d6 2. d3 Nf6 3. Bg2 g6 4. Nc3 Bg7 5. e4 e5 6. f4 Nc6 7. Nf3 Bg4 8. h3
Bxf3 9. Bxf3 Qd7 10. Be3 exf4 11. gxf4 h5 12. Qd2 O-O-O 13. O-O-O Kb8 14. Rdg1
Rhg8 15. Qf2 a6 $11 16. Rh2 Bh6 17. Qh4 Ne5 18. Be2 Qe7 19. Qf2 Nc6 20. Rhg2
Rde8 21. Kb1 Qe6 22. Rh2 d5 23. e5 Nd7 24. d4 Nb6 25. Bf3 Rd8 26. h4 Nc4 27.
Bc1 Nb6 28. Rhg2 Qf5 29. Be2 Ne7 30. Bd3 Qc8 31. Ne2 Nf5 32. Bxf5 Qxf5 33. Ng3
Qc8 34. f5 Bxc1 35. Kxc1 Rdf8 36. c3 Qd8 37. f6 Nc4 $11 38. Ne2 c6 39. b3 Nb6
40. Nf4 Qe8 41. Rg5 Kc7 42. Qg3 Rh8 43. e6 Kc8 44. exf7 Rxf7 45. Rxg6 Nd7 46.
Re1 Qd8 47. Ne6 Qa5 48. Kb2 Nf8 49. Rg7 Nxe6 50. Rxf7 Re8 51. Qh3 Qd8 52. Rxe6
Kb8 53. Rxe8 Qxe8 54. Qd7 Qe2+ 55. Ka3 Qb5 56. Qxb7+ Qxb7 57. Rxb7+ Kxb7 58. f7
1-0

[Event "Championnat de France Pupille"]
[Site "CALVI"]
[Date "????.??.??"]
[Round "4.6"]
[White "Gattullo, Elia"]
[Black "Capponi, Axel"]
[Result "1/2-1/2"]
[WhiteElo "1810"]
[BlackElo "1770"]
[PlyCount "57"]
[EventDate "2005.??.??"]
[SourceDate "2005.04.17"]

1. c4 c6 2. Nc3 Nf6 3. Nf3 d5 4. cxd5 cxd5 5. d4 Nc6 6. e3 e6 7. Bd2 Be7 8. Be2
O-O 9. O-O a6 10. a3 Nd7 11. b4 b5 12. Ne1 Nb6 13. Nd3 Nc4 14. Nc5 e5 15. Bxc4
dxc4 16. d5 Bxc5 17. bxc5 Na5 18. e4 Nb3 19. Be3 Nxa1 20. Qxa1 f5 21. f3 f4 22.
Bf2 Qg5 23. Qb2 Bh3 24. Be1 Rf6 25. Kh1 Bc8 26. Qf2 Rh6 27. g3 Rh3 28. gxf4
Qxf4 29. Bd2 1/2-1/2

[Event "Championnat de France Pupille"]
[Site "CALVI"]
[Date "????.??.??"]
[Round "4.7"]
[White "Viers, Emmanuel"]
[Black "Netzer, Jacques"]
[Result "1-0"]
[WhiteElo "1710"]
[BlackElo "1990"]
[PlyCount "93"]
[EventDate "2005.??.??"]
[SourceDate "2005.04.17"]

1. e4 c5 2. Nf3 d6 3. d4 Nf6 4. Nc3 cxd4 5. Nxd4 a6 6. Be3 e6 7. Be2 Be7 8. Qd2
Nbd7 9. O-O-O Qc7 10. f3 b5 11. a3 Bb7 12. g4 Nb6 13. g5 Nfd7 14. Rhe1 Rc8 15.
f4 Nc4 16. Bxc4 Qxc4 17. f5 e5 18. Nb3 Qc7 19. Kb1 Nc5 20. Nxc5 dxc5 21. Qf2 b4
22. axb4 cxb4 23. Nd5 Bxd5 24. exd5 f6 25. h4 Bc5 26. gxf6 gxf6 27. Bxc5 Qxc5
28. Qg2 Kf7 29. d6 Qc6 30. Qf2 Rhd8 31. Qd2 a5 32. Rg1 Rg8 33. d7 Rxg1 34. Rxg1
Rd8 35. Qh6 Ke7 36. Rg7+ Kd6 37. Qxf6+ Kc7 38. Qxe5+ Qd6 39. Qxa5+ Qb6 40.
Qxb6+ Kxb6 41. Rxh7 Kc7 42. Ka2 Rxd7 43. Rxd7+ Kxd7 44. Kb3 Ke7 45. h5 Kf6 46.
h6 Kf7 47. Kxb4 1-0

[Event "Championnat de France Pupille"]
[Site "CALVI"]
[Date "????.??.??"]
[Round "4.8"]
[White "Dubessay, Bastien"]
[Black "Divine, Armand"]
[Result "0-1"]
[WhiteElo "1939"]
[BlackElo "1707"]
[PlyCount "76"]
[EventDate "2005.??.??"]
[SourceDate "2005.04.17"]

1. d4 Nf6 2. c4 g6 3. Nc3 Bg7 4. e4 O-O 5. Be2 d6 6. g4 c5 7. d5 e6 8. g5 Ne8
9. h4 exd5 10. cxd5 Nc7 11. Be3 b5 12. Qd2 b4 13. Nd1 Re8 14. f3 a5 15. Rc1 Ba6
16. Bxa6 Ncxa6 17. h5 Nd7 18. hxg6 fxg6 19. Qh2 Nf8 20. Rc2 Qd7 21. Nf2 b3 22.
axb3 Nb4 23. Rd2 a4 24. bxa4 Qxa4 25. Ng4 Qa1+ 26. Rd1 Nd3+ 27. Ke2 Qxb2+ 28.
Rd2 Nc1+ 29. Kf1 Qb5+ 30. Kg2 c4 31. Qxd6 c3 32. Rd1 Ne2 33. Nxe2 Qxe2+ 34. Kg3
Ra2 35. Rde1 Qg2+ 36. Kf4 Ra4 37. Bc5 c2 38. Rh2 c1=Q+ 0-1